00490 2200181 4500245004600000020002200046250001100068100002000079700002700099650000900126650001600135005001900151260007600170041001400246084000800260300003100268336000900299 aSagu Pertama MariacKhasnau SaifirahText a978-623-118-702-4 aCet. 1 aKhasnau Saifira aFelia Febriany Gunawan aSagu aOlahan Sagu a20240902103333 aJakartabKementerian Pendidikan, Kebudayaan, Riset, dan Teknologic2023 aIndonesia a633 aiv, 36 hlm., 21×29,7 cm : atext